陳之藩散文選
| 資料類型: | 圖書 | 書目號: | 41497 |
Leader xxxxxxxxxx 001 __ PCLIS00041497 005 __ 20091230152108.08 010 0_ |a957-|b平裝|dNT$140 020 __ |acw|b82005151 100 __ |a20091230d2009 0chib0109 e 101 0_ |achi 102 __ |acw 105 __ |aa z 000yy 200 1_ |a陳之藩散文選|e|f陳之藩|g 205 __ |a初版 210 __ |a臺北市|c印行|d民年 215 0_ |a面|c圖, 表|d公分 225 1_ |a|v 300 __ |a 681 __ |a825|b 700 __ |a陳|b之藩|4 702 _1 |a|b|4 801 __ |acw|b本館|c20091230 |